Score 0/10 Timer 02:00
0 Plays Today
% Correct
Toronto
91.3%
Rochester
84.1%
Buffalo-
Cheektowaga
81.8%
St. Catharines-
Niagara
78.3%
Hamilton
78.2%
Syracuse
76.8%
Watertown-
Fort Drum
71.7%
Oshawa
71.7%
Belleville
58.8%
Kingston
55.9%
Remove Ads.
Support Sporcle.
Get the best of Sporcle when you Go Orange. This ad-free experience offers more features, more stats, and more fun while also helping to support Sporcle. Thank you for becoming a member.

You're not logged in!

Compare scores with friends on all Sporcle quizzes.
OR
Log In

Show Comments

Extras

Top Quizzes Today


Score Distribution

Your Account Isn't Verified!

In order to create a playlist on Sporcle, you need to verify the email address you used during registration. Go to your Sporcle Settings to finish the process.

Report this User

Report this user for behavior that violates our Community Guidelines.

Details: